00664nam a2200229Ia 4500008004100000020001800041050001600059100002200075245001900097245002600116245002500142260001500167260001600182260000900198300001600207300002600223300001000249300003800259500000800297999001900305952011000324170918s9999 xx 000 0 und d a9780545150613 bS857th 2006 aStilton, Geronimo aThea Stilton : band the secret city / cby Geronimo Stilton. aNew York : bScholastic, c2006 a161 pages : bcolor illustrations ; c19cm. eGeronimo Stilton special edition. a620 c343672d343672 001040aSSISMbSSISMd2017-09-18l0oGS FIC S857th 2006 pSSISM2744r2017-09-18 00:00:00w2017-09-18yBK